000 01791naa a22001937a 4500
007 c| aa aaaaa
008 240530e20240321xxk||||os||||o00| 0 eng d
041 _aeng
245 _aCharlton v Forrest
260 _a[2024] EWHC 1014 (Ch),
_bChancery Division,
_c3 May 2024
520 _aOn 3 May 2024, Mr Justice Zacaroli delivered a judgment in a dispute to determine the position of a disputed boundary where the original transfers cannot be produced, examining the importance of aerial photographs and Ordnance Survey plans in the absence of a conveyance. Defendants trade as Castleton Residential Park. The claimants are the registered proprietors of freehold land and a house at Ty Chwarel. The catalyst for this dispute was the removal by the defendants of a substantial amount of trees, shrubs and other growth on, or towards the eastern side of, the boundary. Despite two surveyors opinions, the judge deemed they had no specialised knowledge, the judge concluded they were not bound to accept their conclusion, but must analyse the evidence in order to decide where the boundary lies. This case shows the difficulties associated with identifying a precise boundary in the absence of clear plans. In the end it will come down to a question of fact based on a review of the available evidence. The claim for trespass was dismissed as the judge found in favour of the defendants.
650 _aBOUNDARIES
650 _aBOUNDARY DISPUTES
650 _aNEIGHBOUR DISPUTES
650 _aTRESPASS
651 _aUnited Kingdom
856 _uhttps://www.bailii.org/ew/cases/EWHC/Ch/2024/1014.html
_zAvailable from BAILII
856 _uhttps://www.trowers.com/insights/2024/june/a-case-demonstrating-the-courts-approach-to-determining-a-boundary-dispute
_zCommentary from Trowers & Hamlin
999 _c121979
_d121979